Southville International School and Colleges
Your cart is empty.
  • Cart
  • Lists
    Public lists Eva Luna New books Lux_list list_1
    Your lists Log in to create your own lists
  • Log in to your account
  • Your cookies
  • Search history
Southville International School and Colleges
  • Advanced search
  • Recent comments
  • Most popular
  • Libraries

Log in to your account

Log in with GOOGLE


If you do not have an external account, but do have a local account, you can still log in:

  1. Home
  2. MARC view: Career development for dummies :
Normal view MARC view ISBD view

Career development for dummies : (Record no. 361299)

[ view plain ]
MARC details
000 -LEADER
fixed length control field 00589nam a2200145Ia 4500
008 - FIXED-LENGTH DATA ELEMENTS--GENERAL INFORMATION
fixed length control field 190228s9999 xx 000 0 und d
020 ## - INTERNATIONAL STANDARD BOOK NUMBER
International Standard Book Number 9781119363088
100 ## - MAIN ENTRY--PERSONAL NAME
Personal name Alidina, Shamash.
245 ## - TITLE STATEMENT
Statement of responsibility, etc by Shamash Alidina, Juliet Adams, Stan Portny, Marshall Loeb, Stephen Kindel, Dirk Zeller, Natalie Canavor, Ray Anthony, Barbara Boyd, Michael C. Donaldson.--
Title Career development for dummies :
Remainder of title all-in-one /
260 ## - PUBLICATION, DISTRIBUTION, ETC. (IMPRINT)
Place of publication, distribution, etc New Jersey :
Name of publisher, distributor, etc John Willey & Sons
Date of publication, distribution, etc 2017
300 ## - PHYSICAL DESCRIPTION
Extent xviii, 650 pages.
500 ## - GENERAL NOTE
General note Includes indexes.
650 ## - SUBJECT ADDED ENTRY--TOPICAL TERM
Topical term or geographic name as entry element Project management.
650 ## - SUBJECT ADDED ENTRY--TOPICAL TERM
Topical term or geographic name as entry element Time management.
Holdings
Withdrawn status Lost status Damaged status Home library Current library Shelving location Date acquired Source of acquisition Total Checkouts Full call number Barcode Date last seen Price effective from Koha item type
      College Library College Library Reserve Section 02/28/2019 Library Fund   HF 5381 .Sh528 2017 C21770 02/28/2019 02/28/2019 Books

Career development for dummies :

APA

Alidina S., . (2017). Career development for dummies. New Jersey: John Willey & Sons.

Chicago

Alidina Shamash, . 2017. Career development for dummies. New Jersey: John Willey & Sons.

Harvard

Alidina S., . (2017). Career development for dummies. New Jersey: John Willey & Sons.

MLA

Alidina Shamash, . Career development for dummies. New Jersey: John Willey & Sons. 2017.

  • Place hold
  • Print
  • Cite
  • Add to your cart (remove)
  • Save record
    BIBTEX Dublin Core MARCXML MARC (non-Unicode/MARC-8) MARC (Unicode/UTF-8) MARC (Unicode/UTF-8, Standard) MODS (XML) RIS
  • More searches
    Search for this title in:
    Other Libraries (WorldCat) Other Databases (Google Scholar) Online Stores (Bookfinder.com) Open Library (openlibrary.org)

Exporting to Dublin Core...

SOUTHVILLE LIBRARY

Southville International School and Colleges Library

1281 Tropical Ave. Cor. Luxembourg St., BF Homes International, Las Pinas City

Tel. No. 8256374 / 252358 Loc. 117/146

Powered by Koha